Deutsche Songs auf Platz 1 der Singlecharts - Statistiken

Allgemein
  • Dieses Quiz wurde 533 mal gespielt
    499 seit der letzten Aktualisierung
  • Das Durchschnittsergebnis liegt bei 23 aus 38
Antwortstatistiken
Zeitraum Titel Künstler % Korrekt
14.08. – 20.08. / 18.09.2015 – 29.10.2015 Astronaut Sido feat. Andreas Bourani
93%
25.05. – 07.06. / 22.06. – 12. 07.2012 Tage wie diese Die Toten Hosen
86%
09.05. – 15.05. / 25.07.2014 – 31.07.2014 Auf Uns Andreas Bourani
84%
13. Juli 2018 – 19. Juli 2018 Für euch alle Bushido feat. Samra & Capital Bra
84%
12. Juli – 18. Juli 2013 Whatever Cro
84%
23. Mai 2014 – 19. Juni 2014 Traum Cro
84%
3. Juli 2015 – 23. Juli 2015 Bye Bye Cro
84%
4. September 2015 – 10. September 2015 Lieblingsmensch Namika
82%
22. Juni 2018 – 5. Juli 2018 Je ne parle pas français (Beatgees Remix) Namika feat. Black M
82%
28. Dezember 2018 – 3. Januar 2019 Benzema Capital Bra
81%
13. April 2018 – 19. April 2018 5 Songs in einer Nacht Capital Bra
80%
1. Juni 2018 – 14. Juni 2018 One Night Stand Capital Bra
80%
15. Juni 2018 – 21. Juni 2018 Berlin lebt Capital Bra
80%
10. August 2018 – 16. August 2018 Melodien Capital Bra feat. Juju
80%
26. Oktober 2018 – 1. November 2018 Roli Glitzer Glitzer Capital Bra feat. Luciano & Eno
80%
4. Mai 2018 – 24. Mai 2018 Neymar Capital Bra feat. Ufo361
80%
13.10.2017 – 07.12.2017 / 16.02. - 22.02.2018 Was du Liebe nennst Bausa
78%
25. Mai 2018 – 31. Mai 2018 Phänomenal Pietro Lombardi
72%
15. September 2017 – 5. Oktober 2017 Señorita Kay One feat. Pietro Lombardi
71%
28. September – 4. Oktober 2012 Lila Wolken Marteria, Yasha & Miss Platnum
69%
11. September 2015 – 17. September 2015 Schrei nach Liebe Die Ärzte
66%
21. September 2018 – 27. September 2018 Kokain Bonez MC & RAF Camora feat. Gzuz
62%
12. Oktober 2018 – 18. Oktober 2018 500 PS Bonez MC & RAF Camora
56%
22. Januar 2016 – 11. Februar 2016 Stimme Eff
51%
2. November 2018 – 15. November 2018 Standard KitschKrieg feat. Trettmann, Gringo, Ufo361 & Gzuz
51%
30. November 2018 – 6. Dezember 2018 Baller los Mero
45%
13. November – 19. November 2009 Pflaster Ich+Ich
42%
16. November 2018 – 22. November 2018 Cataleya Samra
42%
9. März 2018 – 15. März 2018 Magisch Olexesh feat. Edin
39%
6. März – 12. März 2009 Irgendwas bleibt Silbermond
39%
2. Oktober – 8. Oktober 2009 Pussy Rammstein
38%
31. Oktober – 4. Dezember 2008 Allein Allein Polarkreis 18
37%
6. Oktober 2017 – 12. Oktober 2017 Sturmmaske auf (Intro) Kollegah & Farid Bang
33%
24. Mai – 30. Mai 2013 Mein Herz Beatrice Egli
31%
12. September – 18. September 2008 Gib mir Sonne Rosenstolz
29%
22. August – 28. August 2008 Das hat die Welt noch nicht gesehen Söhne Mannheims
19%
13. Mai 2016 – 19. Mai 2016 Glücksmoment Prince Damien
18%
22. Februar – 17. April 2008 Kuschel Song Schnuffel
18%
Keine übereinstimmenden Quizze gefunden
Verteilung der Resultate
Anzahl Personen mit jedem Resultat
Perzentil nach korrekt beantworteten Fragen
Ihre Resultats-Entwicklung
Sie haben dieses Quiz seit der letzten Aktualisierung nicht gespielt